000 00309nam a22001457a 4500
003 SGT
082 _a340.59,MAH
100 _aMAHMOOD, TAHIR
245 _aINTRODUCTION TO MUSLIM LAW
250 _a1ST
260 _aNEW DELHI
_bUNIVERSAL BOOK
_c2014
300 _a302
650 _aMUSLIM LAW
942 _2ddc
_cBK
999 _c9786
_d9786